Online Public Access Catalog -OPAC

Human functioning in longitudinal perspectives: studies of normal and psychopathic populations (Record no. 21305)

MARC details
000 -LEADER
fixed length control field 00462nam a2200121Ia 4500
008 - FIXED-LENGTH DATA ELEMENTS--GENERAL INFORMATION
fixed length control field 180412s9999||||xx |||||||||||||| ||und||
020 ## - INTERNATIONAL STANDARD BOOK NUMBER
International Standard Book Number 683067280
040 ## - CATALOGING SOURCE
Original cataloging agency Ahmadu Bello University Library - Zaria
100 ## - MAIN ENTRY--PERSONAL NAME
Personal name Sells, S.D.
245 #0 - TITLE STATEMENT
Title Human functioning in longitudinal perspectives: studies of normal and psychopathic populations
Statement of responsibility, etc. edited by S.D. Sells
260 ## - PUBLICATION, DISTRIBUTION, ETC.
Place of publication, distribution, etc. Baltimore
Name of publisher, distributor, etc. Williams & Wilkins
Date of publication, distribution, etc. 1980
300 ## - PHYSICAL DESCRIPTION
Extent xv., 283p., tables.
500 ## - GENERAL NOTE
General note Includes bibliographical references

No items available.

Customized by ICT Technical Service Unit on 29th Dec 2022

Kashim Ibrahim Library